000 01459nam a2200373Ia 4500
001 ebr10574151
003 CaPaEBR
006 m u
007 cr cn|||||||||
008 100205s2011 nyua sb s000 0aeng d
010 _z 2010004839
020 _z143843247X (hardcover : alk. paper)
020 _z1438432488 (pbk. : alk. paper)
020 _z9781438432472 (hardcover : alk. paper)
020 _z9781438432489 (pbk. : alk. paper)
020 _z9781438432496
040 _aCaPaEBR
_cCaPaEBR
035 _a(OCoLC)802049246
050 1 4 _aBL1175.S4235
_bA35 2011eb
082 0 4 _a294.5092
_222
100 1 _aSharma, Arvind.
245 1 0 _aOne religion too many
_h[electronic resource] :
_bthe religiously comparative reflections of a comparatively religious Hindu /
_cArvind Sharma.
260 _aAlbany :
_bState University of New York Press,
_cc2011.
300 _aix, 164 p. :
_bill.
504 _aIncludes bibliographical references.
533 _aElectronic reproduction.
_bPalo Alto, Calif. :
_cebrary,
_d2011.
_nAvailable via World Wide Web.
_nAccess may be limited to ebrary affiliated libraries.
600 1 0 _aSharma, Arvind.
650 0 _aHindus
_vBiography.
650 0 _aHinduism
_xRelations.
650 0 _aReligions.
655 7 _aElectronic books.
_2local
710 2 _aebrary, Inc.
856 4 0 _uhttp://site.ebrary.com/lib/rucke/Doc?id=10574151
_zAn electronic book accessible through the World Wide Web; click to view
999 _c78831
_d78831